Nalaganje...
College chemistry : with qualitative analysis /
| Glavni avtor: | |
|---|---|
| Drugi avtorji: | , |
| Format: | Printed Book |
| Jezik: | English |
| Izdano: |
Lexington, Mass. :
Heath,
c1976.
Delhi: Surjeet Publications, 1986. |
| Izdaja: | 5th ed. |
| Teme: |
| LEADER | 00992nam a2200241 i 4500 | ||
|---|---|---|---|
| 008 | 760323s1976 maua b 001 0 eng | ||
| 010 | |a 75008131 | ||
| 020 | |a 0669913553 | ||
| 082 | 0 | 0 | |a 540 |
| 100 | 1 | |a Nebergall, William Harrison, | |
| 245 | 1 | 0 | |a College chemistry : |b with qualitative analysis / |c William H. Nebergall, Frederic C. Schmidt, Henry F. Holtzclaw, Jr. |
| 250 | |a 5th ed. | ||
| 260 | |a Lexington, Mass. : |b Heath, |c c1976. | ||
| 260 | |a Delhi: |b Surjeet Publications, |c 1986. | ||
| 300 | |a xxii, 1058 p. : |b ill. ; |c 25 cm. | ||
| 504 | |a Includes bibliographical references and index. | ||
| 650 | 0 | |a Chemistry. | |
| 700 | 1 | |a Schmidt, Frederic Cowles, |e joint author. | |
| 700 | 1 | |a Holtzclaw, Henry Fuller, |e joint author. | |
| 942 | |2 ddc |c BK | ||
| 906 | |a 7 |b cbc |c orignew |d 2 |e ocip |f 19 |g y-gencatlg | ||
| 999 | |c 120225 |d 120225 | ||
| 952 | |0 0 |1 0 |2 ddc |4 0 |6 540_000000000000000_NEB_C |7 0 |9 132118 |a CHE |b CHE |c ST1 |d 2018-08-15 |i 3696 |l 1 |o 540 NEB/C |p CHE3696 |r 2014-04-23 |s 2013-12-13 |u 655 |w 2009-03-26 |y BK | ||